Organisational Behaviour : Text & Cases (Record no. 92328)

MARC details
000 -LEADER
fixed length control field 00500nam a2200193Ia 4500
008 - FIXED-LENGTH DATA ELEMENTS--GENERAL INFORMATION
fixed length control field 230125s9999 xx 000 0 und d
020 ## - INTERNATIONAL STANDARD BOOK NUMBER
International Standard Book Number 81-219-2014-0
041 ## - LANGUAGE CODE
Language code of text/sound track or separate title eng
082 ## - DEWEY DECIMAL CLASSIFICATION NUMBER
Classification number 302.35
Item number KHA
100 ## - MAIN ENTRY--PERSONAL NAME
Personal name Khanka S S
9 (RLIN) 114756
245 ## - TITLE STATEMENT
Title Organisational Behaviour : Text & Cases
250 ## - EDITION STATEMENT
Edition statement 4th ed
260 ## - PUBLICATION, DISTRIBUTION, ETC. (IMPRINT)
Date of publication, distribution, etc. 2012
Name of publisher, distributor, etc. S. Chand & Company Ltd.
Place of publication, distribution, etc. New Delhi
300 ## - PHYSICAL DESCRIPTION
Extent 560p
500 ## - GENERAL NOTE
Keywords OB
650 ## - SUBJECT ADDED ENTRY--TOPICAL TERM
Topical term or geographic name as entry element Organisational Behaviour
700 ## - ADDED ENTRY--PERSONAL NAME
Personal name Khanka S S
9 (RLIN) 114756
Holdings
Withdrawn status Lost status Damaged status Not for loan Home library Current library Date acquired Vendor Full call number Barcode Date last seen Bill Date Koha item type Original Barcode Total Checkouts Total Renewals Date last checked out
        Smt. Hiraben Nanavati Institute of Management & Research for Women Smt. Hiraben Nanavati Institute of Management & Research for Women 15/12/2012 Satya Gilani 302.35 KHA DB1783 HIMR-DB-1783 25/01/2023 15/12/2012 Donated Book DB1783      
        Smt. Hiraben Nanavati Institute of Management & Research for Women Smt. Hiraben Nanavati Institute of Management & Research for Women 15/12/2012 Satya Gilani 302.35 KHA DB1782 HIMR-DB-1782 13/01/2025 15/12/2012 Donated Book DB1782 2 1 13/11/2024